[Event "European Youth Chess Championship B18"]
[Site "Prague, Top Hotel Prague"]
[Date "2012.08.22"]
[Round "6.1"]
[White "Moiseenko, Vadim"]
[Black "Gabuzyan, Hovhannes"]
[Result "1/2-1/2"]
[WhiteElo "2454"]
[BlackElo "2488"]
[PlyCount "0"]
[EventDate "2012.08.17"]

1. e4 {[%clk 1:30:57]} c5 {[%clk 1:30:55]} 2. f4 {[%clk 1:30:30]} d5
{[%clk 1:30:32]} 3. exd5 {[%clk 1:30:39]} Nf6 {[%clk 1:30:58]} 4. Nf3
{[%clk 1:31:04]} Nxd5 {[%clk 1:30:52]} 5. Bc4 {[%clk 1:30:57]} Nb6
{[%clk 1:25:57]} 6. Bb5+ {[%clk 1:30:48]} Bd7 {[%clk 1:26:23]} 7. Qe2
{[%clk 1:29:00]} Bxb5 {[%clk 1:22:56]} 8. Qxb5+ {[%clk 1:29:25]} N8d7
{[%clk 1:23:22]} 9. Nc3 {[%clk 1:26:12]} g6 {[%clk 1:16:21]} 10. O-O
{[%clk 1:23:53]} Bg7 {[%clk 1:13:30]} 11. Qe2 {[%clk 1:23:06]} O-O
{[%clk 1:13:18]} 12. d3 {[%clk 1:23:33]} e6 {[%clk 1:13:38]} 13. Bd2
{[%clk 1:19:38]} Qc7 {[%clk 1:12:09]} 14. Rae1 {[%clk 1:17:32]} Nf6
{[%clk 1:10:30]} 15. Ne5 {[%clk 1:15:25]} Rad8 {[%clk 1:08:54]} 16. Nb5
{[%clk 1:10:47]} Qb8 {[%clk 1:06:03]} 17. Ba5 {[%clk 1:10:49]} Nfd5
{[%clk 1:03:47]} 18. Bxb6 {[%clk 1:09:23]} Nxb6 {[%clk 1:03:50]} 19. Nc3
{[%clk 0:58:19]} Qc7 {[%clk 1:02:14]} 20. Kh1 {[%clk 0:52:45]} Nd7
{[%clk 0:57:58]} 21. Rf3 {[%clk 0:50:21]} Nxe5 {[%clk 0:56:44]} 22. fxe5
{[%clk 0:50:44]} a6 {[%clk 0:57:12]} 23. a4 {[%clk 0:48:51]} c4 {[%clk 0:50:30]}
24. dxc4 {[%clk 0:47:45]} Rd4 {[%clk 0:50:57]} 25. b3 {[%clk 0:46:42]} Rfd8
{[%clk 0:51:16]} 26. h3 {[%clk 0:36:30]} Rd2 {[%clk 0:49:04]} 27. Qe4
{[%clk 0:36:56]} R8d4 {[%clk 0:38:26]} 28. Qe3 {[%clk 0:37:17]} Qd8
{[%clk 0:37:55]} 29. Re2 {[%clk 0:22:59]} Rxe2 {[%clk 0:37:07]} 30. Qxe2
{[%clk 0:23:09]} Qa5 {[%clk 0:33:27]} 31. Re3 {[%clk 0:19:02]} Bh6
{[%clk 0:30:28]} 32. Rf3 {[%clk 0:15:30]} Bf4 {[%clk 0:27:34]} 33. Rd3
{[%clk 0:07:26]} Rxd3 {[%clk 0:27:47]} 34. Qxd3 {[%clk 0:07:53]} Bxe5
{[%clk 0:28:11]} 35. Ne2 {[%clk 0:08:03]} Qe1+ {[%clk 0:28:36]} 36. Ng1
{[%clk 0:08:27]} Qa1 {[%clk 0:28:52]} 37. g4 {[%clk 0:08:21]} Bd4
{[%clk 0:27:37]} 38. Qg3 {[%clk 0:07:50]} Qd1 {[%clk 0:23:40]} 39. c3
{[%clk 0:06:41]} Bxg1 {[%clk 0:20:16]} 40. Qb8+ {[%clk 0:34:20]} Kg7
{[%clk 0:50:42]} 41. Qe5+ {[%clk 0:34:46]} Kf8 {[%clk 0:42:14]} 42. Qb8+
{[%clk 0:35:11]} Ke7 {[%clk 0:42:33]} 43. Qc7+ {[%clk 0:35:33]} Qd7
{[%clk 0:36:44]} 44. Qxd7+ {[%clk 0:35:49]} Kxd7 {[%clk 0:37:13]} 45. Kxg1
{[%clk 0:36:06]} f5 {[%clk 0:37:41]} 46. gxf5 {[%clk 0:33:06]} exf5
{[%clk 0:37:35]} 47. a5 {[%clk 0:31:48]} Kc6 {[%clk 0:35:49]} 48. b4
{[%clk 0:32:11]} b6 {[%clk 0:34:33]} 49. axb6 {[%clk 0:32:36]} Kxb6
{[%clk 0:35:01]} 50. c5+ {[%clk 0:32:23]} Kc6 {[%clk 0:34:47]} 51. c4
{[%clk 0:32:38]} g5 {[%clk 0:35:11]} 52. Kg2 {[%clk 0:32:44]} h5 {[%clk 0:35:31]}
53. Kg3 {[%clk 0:31:39]} g4 {[%clk 0:35:47]} 1/2-1/2

[Event "European Youth Chess Championship B18"]
[Site "Prague, Top Hotel Prague"]
[Date "2012.08.22"]
[Round "6.2"]
[White "Mammadov, Zaur"]
[Black "Anton Guijarro, David"]
[Result "1/2-1/2"]
[WhiteElo "2431"]
[BlackElo "2526"]
[PlyCount "0"]
[EventDate "2012.08.17"]

1. e4 {[%clk 1:30:56]} c5 {[%clk 1:30:33]} 2. c3 {[%clk 1:31:25]} d5
{[%clk 1:30:40]} 3. exd5 {[%clk 1:31:53]} Qxd5 4. d4 Nf6 {[%clk 1:30:39]} 5. Nf3
{[%clk 1:32:36]} Nc6 {[%clk 1:31:04]} 6. Be2 {[%clk 1:30:35]} cxd4
{[%clk 1:28:48]} 7. cxd4 {[%clk 1:30:28]} e6 {[%clk 1:29:15]} 8. O-O
{[%clk 1:30:32]} Be7 {[%clk 1:29:36]} 9. Nc3 {[%clk 1:30:57]} Qd6
{[%clk 1:30:04]} 10. Be3 {[%clk 1:28:11]} O-O {[%clk 1:29:07]} 11. Rc1
{[%clk 1:28:38]} Ng4 {[%clk 1:22:13]} 12. Qd2 {[%clk 1:24:05]} Nxe3
{[%clk 1:20:35]} 13. Qxe3 {[%clk 1:24:33]} Nb4 {[%clk 1:06:35]} 14. Ne5
{[%clk 1:21:30]} Nd5 {[%clk 1:05:52]} 15. Nxd5 {[%clk 1:11:43]} exd5
{[%clk 1:05:43]} 16. Qb3 {[%clk 1:09:03]} Rb8 {[%clk 0:57:10]} 17. Bf3
{[%clk 1:04:57]} Be6 {[%clk 0:57:22]} 18. Rfe1 {[%clk 1:05:22]} Bd8
{[%clk 0:51:09]} 19. Nd3 {[%clk 1:00:17]} Bf6 {[%clk 0:39:20]} 20. Ne5
{[%clk 0:55:19]} Bd8 {[%clk 0:38:51]} 21. Nd3 {[%clk 0:55:42]} Bf6
{[%clk 0:38:33]} 22. Ne5 {[%clk 0:54:25]} Bd8 {[%clk 0:35:53]} 1/2-1/2

[Event "European Youth Chess Championship B18"]
[Site "Prague, Top Hotel Prague"]
[Date "2012.08.22"]
[Round "6.3"]
[White "Sochacki, Christophe"]
[Black "Forcen Esteban, Daniel"]
[Result "0-1"]
[WhiteElo "2412"]
[BlackElo "2440"]
[PlyCount "0"]
[EventDate "2012.08.17"]

1. e4 {[%clk 1:30:56]} c5 {[%clk 1:30:56]} 2. Nc3 {[%clk 1:30:39]} a6
{[%clk 1:30:33]} 3. Nge2 {[%clk 1:30:48]} d6 {[%clk 1:28:50]} 4. d4
{[%clk 1:31:06]} cxd4 {[%clk 1:29:14]} 5. Nxd4 {[%clk 1:31:32]} Nf6
{[%clk 1:29:36]} 6. Qf3 {[%clk 1:31:50]} Nbd7 {[%clk 1:28:57]} 7. h3
{[%clk 1:31:26]} h5 {[%clk 1:24:40]} 8. Be3 {[%clk 1:28:24]} e6 {[%clk 1:19:03]}
9. Rg1 {[%clk 1:26:59]} h4 {[%clk 1:06:18]} 10. O-O-O {[%clk 1:26:55]} Qc7
{[%clk 1:06:35]} 11. g4 {[%clk 1:12:14]} hxg3 {[%clk 1:06:50]} 12. Rxg3
{[%clk 1:12:18]} b5 {[%clk 1:04:54]} 13. Bg5 {[%clk 1:00:30]} Bb7
{[%clk 1:04:27]} 14. Qe2 {[%clk 0:57:35]} Nc5 {[%clk 0:51:06]} 15. Bg2
{[%clk 0:55:30]} Be7 {[%clk 0:36:00]} 16. a3 {[%clk 0:41:18]} O-O-O
{[%clk 0:35:00]} 17. f4 {[%clk 0:22:15]} Kb8 {[%clk 0:34:15]} 18. Kb1
{[%clk 0:22:16]} Rc8 {[%clk 0:23:39]} 19. Bf3 {[%clk 0:18:25]} g6
{[%clk 0:22:17]} 20. f5 {[%clk 0:13:39]} e5 {[%clk 0:21:43]} 21. Nb3
{[%clk 0:14:07]} gxf5 {[%clk 0:19:42]} 22. exf5 {[%clk 0:14:33]} e4
{[%clk 0:16:55]} 23. Nxc5 {[%clk 0:12:54]} exf3 {[%clk 0:16:58]} 24. Qe3
{[%clk 0:12:58]} Qxc5 {[%clk 0:17:11]} 25. Qxe7 {[%clk 0:13:16]} Ne4
{[%clk 0:17:33]} 26. Bf4 {[%clk 0:12:43]} Rhe8 {[%clk 0:12:12]} 27. Qxf7
{[%clk 0:12:47]} Nxg3 {[%clk 0:12:11]} 28. Bxg3 {[%clk 0:09:05]} Ka8
{[%clk 0:12:40]} 29. f6 {[%clk 0:07:56]} Qf5 {[%clk 0:07:04]} 30. Bf2
{[%clk 0:07:31]} Re2 {[%clk 0:07:20]} 31. Qb3 {[%clk 0:05:56]} Rxf2
{[%clk 0:07:37]} 32. f7 {[%clk 0:06:23]} d5 {[%clk 0:07:56]} 33. a4
{[%clk 0:05:50]} d4 {[%clk 0:06:26]} 34. axb5 {[%clk 0:03:35]} dxc3
{[%clk 0:06:21]} 35. bxa6 {[%clk 0:04:02]} Be4 {[%clk 0:06:39]} 0-1

[Event "European Youth Chess Championship B18"]
[Site "Prague, Top Hotel Prague"]
[Date "2012.08.22"]
[Round "6.5"]
[White "Dragun, Kamil"]
[Black "Givon, Asaf"]
[Result "0-1"]
[WhiteElo "2465"]
[BlackElo "2340"]
[PlyCount "0"]
[EventDate "2012.08.17"]

1. e4 {[%clk 1:30:57]} Nf6 {[%clk 1:30:36]} 2. e5 {[%clk 1:31:12]} Nd5
{[%clk 1:30:58]} 3. d4 {[%clk 1:31:36]} d6 {[%clk 1:31:14]} 4. Nf3
{[%clk 1:31:59]} dxe5 {[%clk 1:31:19]} 5. dxe5 {[%clk 1:32:05]} Bg4
{[%clk 1:29:18]} 6. Be2 {[%clk 1:28:55]} e6 {[%clk 1:26:44]} 7. O-O
{[%clk 1:28:34]} Be7 {[%clk 1:21:51]} 8. h3 {[%clk 1:27:16]} Bh5 {[%clk 1:19:04]}
9. c4 {[%clk 1:26:15]} Nb6 {[%clk 1:17:47]} 10. Nbd2 {[%clk 1:22:16]} O-O
{[%clk 1:16:23]} 11. b3 {[%clk 1:12:11]} Nc6 {[%clk 1:15:27]} 12. Bb2
{[%clk 1:12:33]} Nd7 {[%clk 1:02:35]} 13. Qe1 {[%clk 0:39:17]} Nb4
{[%clk 0:54:50]} 14. Qc1 {[%clk 0:39:30]} Nc5 {[%clk 0:53:45]} 15. Qc3
{[%clk 0:39:39]} Ncd3 {[%clk 0:38:01]} 16. Rfd1 {[%clk 0:35:53]} Nxb2
{[%clk 0:36:39]} 17. Qxb2 {[%clk 0:35:05]} a5 {[%clk 0:25:34]} 18. Ne4
{[%clk 0:29:13]} Qe8 {[%clk 0:25:23]} 19. a3 {[%clk 0:21:37]} Nc6
{[%clk 0:25:27]} 20. Ng3 {[%clk 0:14:57]} Bg6 {[%clk 0:25:20]} 21. h4
{[%clk 0:15:26]} h6 {[%clk 0:24:44]} 22. h5 {[%clk 0:11:28]} Bh7 {[%clk 0:25:06]}
23. Bd3 {[%clk 0:10:18]} Bxd3 {[%clk 0:22:58]} 24. Rxd3 {[%clk 0:10:47]} Rd8
{[%clk 0:23:22]} 25. Re3 {[%clk 0:11:06]} Bc5 {[%clk 0:21:57]} 26. Re4
{[%clk 0:11:26]} Qe7 {[%clk 0:19:00]} 27. Rg4 {[%clk 0:11:10]} Kh8
{[%clk 0:19:11]} 28. Ne2 {[%clk 0:07:20]} Rd3 {[%clk 0:17:49]} 29. Re1
{[%clk 0:05:45]} Rfd8 {[%clk 0:17:00]} 30. Nf4 {[%clk 0:05:50]} Rxf3
{[%clk 0:07:45]} 31. gxf3 {[%clk 0:06:10]} Bd4 {[%clk 0:08:09]} 32. Qe2
{[%clk 0:03:49]} Nxe5 {[%clk 0:06:46]} 33. Rg3 {[%clk 0:02:46]} Qh4
{[%clk 0:06:49]} 34. Rg4 {[%clk 0:02:57]} Nxg4 {[%clk 0:06:53]} 35. fxg4
{[%clk 0:03:21]} Qg3+ {[%clk 0:06:16]} 36. Ng2 {[%clk 0:03:46]} Qxb3
{[%clk 0:06:37]} 0-1

[Event "European Youth Chess Championship B18"]
[Site "Prague, Top Hotel Prague"]
[Date "2012.08.22"]
[Round "6.6"]
[White "Sadzikowski, Daniel"]
[Black "Ochsner, Bjorn Moller"]
[Result "0-1"]
[WhiteElo "2444"]
[BlackElo "2290"]
[PlyCount "0"]
[EventDate "2012.08.17"]

1. e4 {[%clk 1:30:58]} c5 {[%clk 1:30:49]} 2. Nf3 {[%clk 1:31:15]} d6
{[%clk 1:31:11]} 3. d4 {[%clk 1:31:40]} cxd4 {[%clk 1:31:34]} 4. Nxd4
{[%clk 1:32:08]} Nf6 {[%clk 1:31:58]} 5. Nc3 {[%clk 1:32:35]} a6 {[%clk 1:32:17]}
6. Be3 {[%clk 1:32:51]} e5 {[%clk 1:32:20]} 7. Nb3 {[%clk 1:33:15]} Be6
{[%clk 1:32:36]} 8. h3 {[%clk 1:33:40]} Nc6 {[%clk 1:18:56]} 9. Qf3
{[%clk 1:26:58]} Be7 {[%clk 1:12:12]} 10. O-O-O {[%clk 1:26:22]} O-O
{[%clk 1:00:00]} 11. g4 {[%clk 1:25:52]} Qc8 {[%clk 0:50:32]} 12. Kb1
{[%clk 1:22:16]} a5 {[%clk 0:45:36]} 13. a3 {[%clk 1:20:41]} a4 {[%clk 0:43:57]}
14. Nc1 {[%clk 1:20:06]} Na5 {[%clk 0:36:46]} 15. N1a2 {[%clk 0:57:20]} Nc4
{[%clk 0:34:26]} 16. Bxc4 {[%clk 0:45:53]} Qxc4 {[%clk 0:33:19]} 17. Nb4
{[%clk 0:45:49]} Rfc8 {[%clk 0:30:46]} 18. g5 {[%clk 0:45:06]} Nd7
{[%clk 0:29:19]} 19. h4 {[%clk 0:42:00]} d5 {[%clk 0:18:36]} 20. Ncxd5
{[%clk 0:16:24]} Bxd5 {[%clk 0:18:27]} 21. Rxd5 {[%clk 0:15:54]} Bxb4
{[%clk 0:18:09]} 22. Rxd7 {[%clk 0:16:22]} Bxa3 {[%clk 0:17:37]} 23. Bc1
{[%clk 0:15:45]} Qxc2+ {[%clk 0:08:17]} 24. Ka1 {[%clk 0:15:59]} Bf8
{[%clk 0:08:03]} 25. Qxf7+ {[%clk 0:10:54]} Kh8 {[%clk 0:08:28]} 26. h5
{[%clk 0:08:25]} a3 {[%clk 0:07:55]} 27. bxa3 {[%clk 0:08:43]} Rc3
{[%clk 0:01:54]} 28. Qa2 {[%clk 0:09:08]} Rcxa3 {[%clk 0:01:59]} 29. Bxa3
{[%clk 0:07:50]} Qc3+ {[%clk 0:02:01]} 30. Kb1 {[%clk 0:07:54]} Rxa3
{[%clk 0:02:02]} 31. Qxa3 {[%clk 0:06:50]} Qxa3 {[%clk 0:02:26]} 32. Rhd1
{[%clk 0:07:13]} Qb3+ {[%clk 0:02:29]} 33. Ka1 {[%clk 0:07:36]} Qa4+
{[%clk 0:02:11]} 34. Kb2 {[%clk 0:08:05]} Qxe4 {[%clk 0:01:49]} 35. Rd8
{[%clk 0:08:19]} Kg8 {[%clk 0:01:46]} 36. Rb8 {[%clk 0:08:31]} Qe2+
{[%clk 0:01:37]} 37. Kc1 {[%clk 0:09:00]} Qxh5 {[%clk 0:01:48]} 0-1

[Event "European Youth Chess Championship B18"]
[Site "Prague, Top Hotel Prague"]
[Date "2012.08.22"]
[Round "6.7"]
[White "Shahinyan, David"]
[Black "Pardo Simon, David"]
[Result "0-1"]
[WhiteElo "2351"]
[BlackElo "2430"]
[PlyCount "0"]
[EventDate "2012.08.17"]

1. Nf3 {[%clk 1:30:55]} b5 {[%clk 1:29:42]} 2. e4 {[%clk 1:21:40]} a6
{[%clk 1:29:48]} 3. d4 {[%clk 1:20:12]} Bb7 {[%clk 1:29:41]} 4. Bd3
{[%clk 1:19:41]} e6 {[%clk 1:30:03]} 5. O-O {[%clk 1:18:00]} c5 {[%clk 1:29:53]}
6. c3 {[%clk 1:17:30]} d6 {[%clk 1:29:00]} 7. dxc5 {[%clk 1:09:25]} dxc5
{[%clk 1:28:48]} 8. Qe2 {[%clk 1:09:54]} Qc7 {[%clk 1:23:03]} 9. e5
{[%clk 1:07:44]} Ne7 {[%clk 1:22:51]} 10. Bf4 {[%clk 1:07:55]} Nd7
{[%clk 0:47:46]} 11. Nbd2 {[%clk 1:01:47]} c4 {[%clk 0:47:26]} 12. Bc2
{[%clk 1:00:44]} Nc5 {[%clk 0:47:50]} 13. Bg3 {[%clk 0:54:23]} Qc6
{[%clk 0:46:36]} 14. b3 {[%clk 0:43:29]} cxb3 {[%clk 0:45:45]} 15. axb3
{[%clk 0:41:28]} Nf5 {[%clk 0:40:32]} 16. b4 {[%clk 0:38:44]} Na4
{[%clk 0:37:10]} 17. Rxa4 {[%clk 0:33:02]} bxa4 {[%clk 0:37:37]} 18. Nc4
{[%clk 0:33:27]} Be7 {[%clk 0:29:38]} 19. Na5 {[%clk 0:33:30]} Qc8
{[%clk 0:29:26]} 20. Bxa4+ {[%clk 0:32:26]} Kf8 {[%clk 0:29:50]} 21. Bc2
{[%clk 0:27:55]} Bd5 {[%clk 0:28:13]} 22. Qd2 {[%clk 0:22:09]} Bxf3
{[%clk 0:22:20]} 23. gxf3 {[%clk 0:22:38]} g5 {[%clk 0:22:44]} 24. f4
{[%clk 0:19:30]} g4 {[%clk 0:21:06]} 25. f3 {[%clk 0:19:29]} Rg8 {[%clk 0:20:31]}
26. Be4 {[%clk 0:15:58]} Ra7 {[%clk 0:19:13]} 27. Rd1 {[%clk 0:15:05]} gxf3
{[%clk 0:17:58]} 28. Kf2 {[%clk 0:15:14]} Kg7 {[%clk 0:16:36]} 29. Nc6
{[%clk 0:14:12]} Rc7 {[%clk 0:15:35]} 30. Nxe7 {[%clk 0:14:19]} Rxe7
{[%clk 0:13:53]} 31. Bxf5 {[%clk 0:14:08]} exf5 {[%clk 0:14:19]} 32. Bh4
{[%clk 0:14:37]} Re6 {[%clk 0:13:55]} 33. Bf6+ {[%clk 0:11:37]} Kh6
{[%clk 0:14:17]} 34. Bg5+ {[%clk 0:11:30]} Kg6 {[%clk 0:06:22]} 35. Qd3
{[%clk 0:08:37]} h6 {[%clk 0:05:03]} 36. Bf6 {[%clk 0:06:43]} Rc6
{[%clk 0:04:30]} 37. Qd5 {[%clk 0:04:03]} Qe6 {[%clk 0:02:30]} 38. Qxf3
{[%clk 0:01:46]} Qa2+ {[%clk 0:01:36]} 39. Kf1 {[%clk 0:00:45]} Qc4+
{[%clk 0:01:40]} 40. Rd3 {[%clk 0:30:33]} Kh7 {[%clk 0:31:19]} 41. h3
{[%clk 0:29:46]} Rc7 {[%clk 0:26:08]} 42. e6 {[%clk 0:18:38]} fxe6
{[%clk 0:23:52]} 43. Ke2 {[%clk 0:18:51]} a5 {[%clk 0:16:22]} 44. bxa5
{[%clk 0:18:28]} Qa2+ {[%clk 0:16:19]} 45. Rd2 {[%clk 0:18:54]} Qxa5
{[%clk 0:16:00]} 46. Be5 {[%clk 0:18:04]} Ra7 {[%clk 0:14:12]} 47. Qc6
{[%clk 0:15:10]} Qa6+ {[%clk 0:12:08]} 48. Qxa6 {[%clk 0:15:34]} Rxa6
{[%clk 0:12:37]} 49. Rd7+ {[%clk 0:14:30]} Kg6 {[%clk 0:13:06]} 50. Kd3
{[%clk 0:13:15]} Rc6 {[%clk 0:13:11]} 51. Kc2 {[%clk 0:06:47]} Kh5
{[%clk 0:12:53]} 52. Rd3 {[%clk 0:06:50]} Rg1 {[%clk 0:09:37]} 53. Kb3
{[%clk 0:06:35]} Rb1+ {[%clk 0:09:15]} 54. Kc2 {[%clk 0:06:46]} Re1
{[%clk 0:07:33]} 55. Kd2 {[%clk 0:05:26]} Re4 {[%clk 0:06:44]} 56. Rf3
{[%clk 0:05:50]} Rc5 {[%clk 0:06:39]} 57. Kd3 {[%clk 0:04:20]} Rcxe5 58. fxe5
{[%clk 0:04:49]} Rxe5 {[%clk 0:05:40]} 59. c4 {[%clk 0:04:08]} Ra5
{[%clk 0:05:25]} 60. Rf1 {[%clk 0:03:49]} Kg5 {[%clk 0:05:22]} 61. Rc1
{[%clk 0:03:34]} Kf6 {[%clk 0:03:42]} 62. c5 {[%clk 0:03:49]} Ke5
{[%clk 0:03:58]} 63. Kc4 {[%clk 0:03:58]} f4 {[%clk 0:02:39]} 64. Re1+
{[%clk 0:04:24]} Kf5 {[%clk 0:02:40]} 65. c6 {[%clk 0:04:35]} Ra2
{[%clk 0:01:41]} 66. Kd3 {[%clk 0:03:58]} Ra8 {[%clk 0:01:13]} 67. Kd4
{[%clk 0:04:15]} Rc8 {[%clk 0:00:51]} 68. Re5+ {[%clk 0:04:06]} Kf6
{[%clk 0:01:20]} 69. Rc5 {[%clk 0:04:22]} Ke7 {[%clk 0:00:53]} 70. Ke5
{[%clk 0:03:00]} f3 {[%clk 0:01:07]} 71. Rc3 {[%clk 0:02:09]} Rf8
{[%clk 0:00:54]} 72. c7 {[%clk 0:00:50]} f2 {[%clk 0:01:23]} 73. Rf3 Rxf3
{[%clk 0:00:55]} 74. c8=Q {[%clk 0:01:12]} f1=Q {[%clk 0:01:14]} 75. Qxe6+
{[%clk 0:01:31]} Kd8 {[%clk 0:01:12]} 76. Qd6+ {[%clk 0:01:14]} Kc8
{[%clk 0:01:39]} 77. Qc6+ {[%clk 0:01:21]} Kb8 {[%clk 0:02:09]} 78. Qb6+
{[%clk 0:01:40]} Ka8 {[%clk 0:02:38]} 79. Qc6+ {[%clk 0:01:05]} Ka7
{[%clk 0:03:05]} 80. Qc7+ {[%clk 0:01:20]} Ka6 {[%clk 0:03:34]} 81. Qc6+
{[%clk 0:01:49]} Ka5 {[%clk 0:03:57]} 82. Qc7+ {[%clk 0:02:13]} Kb4
{[%clk 0:04:15]} 83. Qd6+ {[%clk 0:02:29]} Kc3 {[%clk 0:04:15]} 84. Qa3+
{[%clk 0:01:59]} Kd2 {[%clk 0:04:36]} 85. Qb2+ {[%clk 0:02:24]} Ke3
{[%clk 0:04:55]} 86. Qb6+ {[%clk 0:01:34]} Ke2 {[%clk 0:05:13]} 87. Qb2+
{[%clk 0:01:52]} Ke1 {[%clk 0:05:23]} 88. Qb4+ {[%clk 0:01:16]} Kf2
{[%clk 0:05:47]} 89. Qh4+ {[%clk 0:01:40]} Kg1 {[%clk 0:06:06]} 90. Qf2+
{[%clk 0:02:01]} Qxf2 {[%clk 0:06:30]} 0-1

[Event "European Youth Chess Championship B18"]
[Site "Prague, Top Hotel Prague"]
[Date "2012.08.22"]
[Round "6.8"]
[White "Abbasov, Amil"]
[Black "Moussard, Jules"]
[Result "0-1"]
[WhiteElo "2209"]
[BlackElo "2429"]
[PlyCount "0"]
[EventDate "2012.08.17"]

1. e4 {[%clk 1:30:57]} c5 {[%clk 1:30:56]} 2. Nf3 {[%clk 1:30:55]} Nc6
{[%clk 1:31:14]} 3. d4 {[%clk 1:28:58]} cxd4 {[%clk 1:31:38]} 4. Nxd4
{[%clk 1:29:24]} Nf6 {[%clk 1:31:55]} 5. Nc3 {[%clk 1:29:33]} e6 {[%clk 1:32:05]}
6. Ndb5 {[%clk 1:20:55]} Bc5 {[%clk 1:32:27]} 7. Nd6+ {[%clk 1:16:34]} Kf8
{[%clk 1:31:49]} 8. Nxc8 {[%clk 1:15:42]} Rxc8 {[%clk 1:32:14]} 9. Bd3
{[%clk 1:14:31]} h5 {[%clk 1:28:30]} 10. h3 {[%clk 0:57:14]} a6 {[%clk 1:24:34]}
11. O-O {[%clk 0:53:22]} Ng4 {[%clk 1:13:17]} 12. hxg4 {[%clk 0:26:48]} Qh4
{[%clk 1:12:21]} 13. g5 {[%clk 0:26:59]} Ne5 {[%clk 1:12:22]} 14. Qe2
{[%clk 0:20:22]} Ng4 {[%clk 1:10:45]} 15. Bf4 {[%clk 0:20:44]} e5
{[%clk 1:10:58]} 16. Qf3 {[%clk 0:20:22]} exf4 {[%clk 1:10:46]} 17. Qxf4
{[%clk 0:20:48]} Bd4 {[%clk 1:01:01]} 18. g6 {[%clk 0:19:30]} f6 {[%clk 1:00:30]}
19. Qd6+ {[%clk 0:09:27]} Ke8 {[%clk 1:00:55]} 20. Nd5 {[%clk 0:05:34]} f5
{[%clk 1:01:08]} 21. exf5 {[%clk 0:01:12]} Be5 {[%clk 1:01:32]} 22. Qe7+
{[%clk 0:01:13]} Qxe7 {[%clk 1:02:01]} 23. Nxe7 {[%clk 0:01:36]} Kxe7
{[%clk 1:02:29]} 24. c3 {[%clk 0:01:48]} Kf6 {[%clk 1:02:42]} 25. Be4
{[%clk 0:01:59]} Rc5 {[%clk 1:01:24]} 26. Rad1 {[%clk 0:01:35]} Rd8
{[%clk 1:01:34]} 27. g3 {[%clk 0:01:11]} d5 {[%clk 1:01:45]} 28. Bb1
{[%clk 0:01:05]} Nh6 {[%clk 1:01:47]} 29. Rfe1 {[%clk 0:00:52]} Rc6
{[%clk 1:00:59]} 30. Kg2 {[%clk 0:01:03]} Bb8 {[%clk 1:01:03]} 31. Re3
{[%clk 0:01:04]} Ba7 {[%clk 1:00:48]} 32. Red3 {[%clk 0:01:18]} Rcd6
{[%clk 1:01:04]} 33. Re1 {[%clk 0:01:25]} Ng4 {[%clk 1:00:49]} 34. Rd2
{[%clk 0:01:30]} d4 {[%clk 1:00:03]} 35. cxd4 {[%clk 0:01:01]} Rxd4
{[%clk 1:00:20]} 36. Rde2 {[%clk 0:01:03]} Rd2 {[%clk 1:00:45]} 37. f4
{[%clk 0:00:42]} Ne3+ {[%clk 1:00:43]} 38. Kh3 {[%clk 0:00:38]} Rxe2
{[%clk 1:01:05]} 39. Rxe2 {[%clk 0:01:01]} Rd1 {[%clk 1:01:15]} 40. Be4
{[%clk 0:31:24]} b5 {[%clk 1:31:28]} 41. Kh2 {[%clk 0:31:17]} Nxf5
{[%clk 1:31:40]} 42. Rc2 {[%clk 0:30:53]} Nd6 {[%clk 1:30:35]} 43. Bf3
{[%clk 0:31:06]} Rd3 {[%clk 1:30:55]} 44. Bxh5 {[%clk 0:31:22]} Nc4
{[%clk 1:29:42]} 45. Be2 {[%clk 0:29:52]} Rd2 {[%clk 1:30:07]} 46. Rxd2
{[%clk 0:29:58]} Nxd2 {[%clk 1:30:35]} 47. Bd3 {[%clk 0:29:46]} Bd4
{[%clk 1:30:52]} 48. b3 {[%clk 0:29:48]} Ke6 {[%clk 1:31:03]} 49. g4
{[%clk 0:29:48]} Kd5 {[%clk 1:31:07]} 50. Kg3 {[%clk 0:29:59]} Bc5
{[%clk 1:28:54]} 51. Bf5 {[%clk 0:26:38]} b4 {[%clk 1:28:56]} 52. Bc8
{[%clk 0:25:09]} a5 {[%clk 1:28:45]} 53. f5 {[%clk 0:25:30]} Ne4+
{[%clk 1:28:59]} 54. Kf3 {[%clk 0:25:41]} Ke5 {[%clk 1:29:20]} 55. Ke2
{[%clk 0:25:32]} Nc3+ {[%clk 1:28:50]} 56. Kd3 {[%clk 0:25:55]} Be7
{[%clk 1:29:07]} 57. a3 {[%clk 0:26:08]} Nd5 {[%clk 1:28:49]} 58. axb4
{[%clk 0:26:12]} axb4 {[%clk 1:29:18]} 59. Bb7 {[%clk 0:25:44]} Nb6
{[%clk 1:28:13]} 60. Bf3 {[%clk 0:25:17]} Kf4 {[%clk 1:28:22]} 61. Be2
{[%clk 0:25:08]} Bf6 {[%clk 1:28:44]} 0-1

[Event "European Youth Chess Championship B18"]
[Site "Prague, Top Hotel Prague"]
[Date "2012.08.22"]
[Round "6.9"]
[White "Danilenko, Dmitriy"]
[Black "Franklin, Samuel G A"]
[Result "1-0"]
[WhiteElo "2395"]
[BlackElo "2264"]
[PlyCount "0"]
[EventDate "2012.08.17"]

1. e4 {[%clk 1:30:58]} e5 {[%clk 1:30:25]} 2. Nf3 {[%clk 1:30:35]} Nc6
{[%clk 1:30:18]} 3. Bb5 {[%clk 1:30:59]} a6 {[%clk 1:30:06]} 4. Ba4
{[%clk 1:31:25]} Nf6 {[%clk 1:30:12]} 5. O-O {[%clk 1:31:36]} b5 {[%clk 1:29:42]}
6. Bb3 {[%clk 1:32:01]} Bc5 {[%clk 1:29:57]} 7. Nxe5 {[%clk 1:31:53]} Nxe5
{[%clk 1:29:10]} 8. d4 {[%clk 1:32:16]} Bxd4 {[%clk 1:28:21]} 9. Qxd4
{[%clk 1:32:39]} d6 {[%clk 1:28:10]} 10. f4 {[%clk 1:32:49]} Nc6 {[%clk 1:21:54]}
11. Qd3 {[%clk 1:32:57]} O-O {[%clk 1:19:56]} 12. Nc3 {[%clk 1:31:18]} Bb7
{[%clk 1:02:23]} 13. a4 {[%clk 1:30:38]} Nb4 {[%clk 0:45:55]} 14. Qe2
{[%clk 1:14:28]} c5 {[%clk 0:44:05]} 15. axb5 {[%clk 1:11:03]} axb5
{[%clk 0:44:18]} 16. Rxa8 {[%clk 1:11:29]} Qxa8 {[%clk 0:36:01]} 17. e5
{[%clk 1:10:50]} Ne4 {[%clk 0:22:08]} 18. Nxb5 {[%clk 1:09:54]} Ba6
{[%clk 0:16:06]} 19. Re1 {[%clk 1:09:17]} d5 {[%clk 0:15:54]} 20. c3
{[%clk 0:54:32]} c4 {[%clk 0:07:33]} 21. Bxc4 {[%clk 0:51:01]} dxc4
{[%clk 0:07:29]} 22. cxb4 {[%clk 0:51:24]} Bxb5 {[%clk 0:06:43]} 23. Qxe4
{[%clk 0:51:49]} Bc6 {[%clk 0:05:32]} 24. Qe2 {[%clk 0:51:36]} Qb7
{[%clk 0:03:28]} 25. Bd2 {[%clk 0:51:26]} f5 {[%clk 0:02:35]} 26. exf6
{[%clk 0:49:42]} Rxf6 {[%clk 0:02:53]} 27. Qxc4+ {[%clk 0:50:00]} Bd5
{[%clk 0:02:12]} 28. Qc5 {[%clk 0:49:34]} h6 {[%clk 0:02:19]} 29. Re7
{[%clk 0:49:12]} Qc6 {[%clk 0:02:01]} 30. Bc3 {[%clk 0:48:36]} Rg6
{[%clk 0:01:54]} 31. g3 {[%clk 0:48:47]} Qa8 {[%clk 0:01:22]} 32. Ra7
{[%clk 0:48:06]} Qc6 {[%clk 0:01:23]} 33. f5 {[%clk 0:42:19]} Rg5
{[%clk 0:01:20]} 34. Rc7 {[%clk 0:42:22]} 1-0

[Event "European Youth Chess Championship B18"]
[Site "Prague, Top Hotel Prague"]
[Date "2012.08.22"]
[Round "6.12"]
[White "Gaehwiler, Gabriel"]
[Black "Zhou, Yang-Fan"]
[Result "0-1"]
[WhiteElo "2267"]
[BlackElo "2430"]
[PlyCount "88"]
[EventDate "2012.08.17"]

1. e4 c5 2. Nf3 d6 3. d4 cxd4 4. Nxd4 Nf6 5. Nc3 g6 6. Be3 a6 7. Be2 Bg7 8. g4
Nc6 9. g5 Nd7 10. h4 O-O 11. h5 Na5 12. hxg6 hxg6 13. Qd2 Re8 14. O-O-O b5 15.
f4 b4 16. Nd5 e6 17. Nf6+ Nxf6 18. gxf6 Qxf6 19. Qxb4 e5 20. fxe5 Qxe5 21. Bd3
Bd7 22. Nf3 Qf6 23. Nd4 Nc6 24. Nxc6 Bxc6 25. Rhf1 Rab8 26. Qxb8 Rxb8 27. Rxf6
Bxf6 28. b3 Be5 29. Bxa6 Bxe4 30. Bc4 Kg7 31. a4 f5 32. a5 f4 33. Bg1 g5 34.
Bd3 Bf3 35. Rf1 Kf6 36. Bc4 g4 37. Rxf3 gxf3 38. a6 Bc3 39. a7 Rh8 40. Bf1 Re8
41. Bf2 Ke5 42. b4 Bd4 43. Bxd4+ Kxd4 44. b5 Kc5 0-1